000 002740000a22000970004500
100 1 _aParra, César
245 1 0 _a¿Defiende la iglesia los derechos del niño?
300 _aVol. 18, Num 4 (Octubre-Diciembre, 1999), Páginas 18-20
773 0 _tIglesia y Misión
942 _cANA
999 _c52420
_d52420